000 00495nam a2200145 a 4500
008 120416s0000 ||||||||||||||||| || u
020 _a0582441803
050 _aQA 171 Led
100 _aLedermann, Walter
245 1 0 _aIntroduction to group theory
260 _aLondon
_bLongman
_c1973
300 _avii, 176p. : ill
350 _a0.00
995 _D0.00
_FCBU-MAIN LIBRARY (Kitwe)
_H1
_I69.00
_M1
_UAVAILABLE
_ZMain Library Open Access Collection
999 _c47784
_d47784